| 000 | 00446nam a22001817a 4500 | ||
|---|---|---|---|
| 003 | NUST - PNEC | ||
| 005 | 20170116180854.0 | ||
| 008 | 150827b xxu||||| |||| 00| 0 eng d | ||
| 020 | _a9788122426830 | ||
| 040 | _cLIBRARY | ||
| 082 | _a620.001 SID | ||
| 100 |
_95917 _aSiddiqui, K. U; |
||
| 245 |
_aMechanical system design _cK U.siddiqui |
||
| 250 | _a2nd ed | ||
| 260 | _cc2010. | ||
| 650 |
_95918 _aMachine design _xME |
||
| 942 |
_2ddc _cBK |
||
| 999 |
_c64756 _d64756 |
||